000 00346nam a2200145Ia 4500
008 230917s9999||||xx |||||||||||||| ||und||
040 _e155170
_aMAIN
041 _aEnglish
082 _a512.24 S49A
100 _aSamuel, Pierre
245 0 _aAlgebraic theory of numbers
260 _aNew York
_bDover
_c1970
300 _a109 p.
942 _cBK
999 _c142993
_d142993